| 000 | 00841aam a2200289 4500 | ||
|---|---|---|---|
| 005 | 20160823145538.0 | ||
| 008 | 150306b xxu||||| |||| 00| 0 spa d | ||
| 041 | _aspa | ||
| 082 | _a158.7 A752p5 | ||
| 100 |
_aArnold, John _915823 |
||
| 245 | _aPsicología del trabajo | ||
| 250 | _a5 edición | ||
| 260 |
_aMéxico _bPearson _c2012 |
||
| 650 |
_aPSICOLOGIA DEL TRABAJO _915824 |
||
| 650 |
_aDESEMPEÑO EN EL TRABAJO _915825 |
||
| 650 |
_aMOTIVACION LABORAL _912750 |
||
| 650 |
_aDISEÑO DEL TRABAJO _95986 |
||
| 650 |
_aESTRES _94272 |
||
| 650 |
_aBIENESTAR EN EL TRABAJO _95680 |
||
| 650 |
_aTRABAJO EN EQUIPO _9731 |
||
| 650 |
_aLIDERAZGO _922 |
||
| 650 |
_aCULTURA ORGANIZACIONAL _93037 |
||
| 650 |
_aSATISFACCION LABORAL _914814 |
||
| 650 |
_aRELACIONES LABORALES _9400 |
||
| 650 |
_aSELECCION DE PERSONAL _9398 |
||
| 942 | _cBK | ||
| 999 |
_c3733 _d3733 |
||